Zdroje hospodářského růstu

Genéza teórie hospodárskeho rastu. Makroekonomické modely hospodárskeho rastu. Keynesiánstvo. Neoklasická teória. Nová teória rastu (teória endogenného rastu). Inštitucionálna ekonómia.

Saved in:
Bibliographic Details
Main Author: Sankot, Ondřej
Format: Book Chapter
Language:Czech
Subjects:
Tags: Add Tag
No Tags, Be the first to tag this record!

MARC

LEADER 00000naa a2200000 4500
001 0230313
005 20220713130944.2
041 0 |a cze 
044 |a CZ 
245 1 0 |a Zdroje hospodářského růstu  |c Ondřej Sankot 
520 |a Genéza teórie hospodárskeho rastu. Makroekonomické modely hospodárskeho rastu. Keynesiánstvo. Neoklasická teória. Nová teória rastu (teória endogenného rastu). Inštitucionálna ekonómia. 
610 2 0 |a teórie ekonomické 
610 2 0 |a teórie rastu hospodárskeho 
610 2 0 |a keynesizmus 
610 2 0 |a ekonómia inštitucionálna 
610 2 0 |a politika hospodárska 
610 2 0 |a dejiny myslenia ekonomického 
100 1 |a Sankot, Ondřej